Call of duty: Black Ops 1 Maps - Statistics

General Stats
  • This quiz has been taken 189 times
  • The average score is 10 of 17
Answer Stats
Answer % Correct
Nuketown
91%
Firing Range
85%
Jungle
79%
Summit
78%
Array
67%
WMD
65%
Havana
64%
Hanoi
62%
Launch
55%
Cracked
48%
Grid
48%
Radiation
48%
Crisis
46%
Villa
42%
Kino der Toten
37%
Five
35%
Dead Ops Arcade
25%
No matching quizzes found
Score Distribution
Percent of People with Each Score
Percentile by Number Answered
Your Score History
You have not taken this quiz